[Event "Croatian junior league 2021"]
[Site "Rabac"]
[Date "2021.04.10"]
[Round "9.3"]
[White "Birkic, Josip"]
[Black "Novosel, Lovro"]
[Result "0-1"]
[WhiteElo "1972"]
[BlackElo "1997"]
[Annotator "TA"]
[PlyCount "112"]
[EventDate "2021.04.06"]
[EventType "swiss"]
[EventCountry "CRO"]
[SourceTitle "playchess.com"]
[Source "ChessBase"]
[SourceQuality "1"]

{[%evp 14,112,57,42,69,57,57,66,67,23,31,21,16,6,10,0,2,0,0,9,19,16,33,24,50,21,37,8,12,0,27,7,30,-8,-4,-3,-3,-15,-10,-22,0,0,6,0,0,0,27,7,16,0,78,75,130,121,353,345,502,502,485,442,435,432,406,0,402,385,387,39,30,-8,-8,-8,-8,-8,0,0,0,0,0,-93,-129,-206,-119,-447,-38,-918,-736,-800,0,-552,-545,-537,-535,-408,-383,-744,-620,-7050,-7073,-4133,-4133]} 1. d4 Nf6 2. c4 g6 3. Nc3 Bg7 4. e4 d6 5. Nf3 O-O 6. g3 c5 7. Bg2 Nbd7 8. O-O Rb8 {E65: King's Indian: Fianchetto: 6...c5 7 0-0 without d5 by White.} 9. h3 a6 10. Be3 b6 {[#] White is slightly better.} 11. Rc1 $146 ({Predecessor:} 11. Qc2 Qc7 12. b3 Bb7 13. Rad1 e6 14. Rfe1 Rfe8 15. a4 h6 16. Rd2 Rbd8 17. Red1 {1-0 (31) Perez Lopez,A (1774)-Vinolas Anglada,J (1458) Castell de Sant Ferran 2018}) 11... Bb7 12. d5 b5 13. Nd2 Ne5 14. Qe2 Nxc4 15. Nxc4 bxc4 16. Qxc4 Bc8 17. Qe2 Bd7 18. Rfe1 Qa5 19. Qd2 Ne8 20. b3 Nc7 21. Bh6 Nb5 {[%cal Rg7c3]} 22. Bxg7 Kxg7 23. Qb2 f6 24. f4 Nd4 25. Ne2 (25. e5 {feels hotter.} Qb6 26. Ne2 Nxe2+ 27. Qxe2 a5 28. Rc3) 25... Nxe2+ 26. Rxe2 Bb5 27. Re3 Qb6 28. Kh2 a5 29. e5 Rb7 30. exf6+ exf6 31. Re6 Rff7 (31... Bd7 $11) 32. g4 Qd8 (32... Bd7 $142) 33. g5 $16 Bd3 $2 {[#]} (33... Rf8 $16) 34. Rce1 $1 $18 {Hoping for Re8.} Bf5 (34... c4 $142 35. gxf6+ Rxf6) 35. Re8 Qd7 {and the idea ...a4 leaves Black hopeful.} 36. Qc3 a4 37. R8e6 Qd8 38. Re8 Qd7 39. Ra8 {Ree8 is the strong threat.} Ra7 40. Rxa7 (40. gxf6+ $18 Rxf6 41. Rb8) 40... Qxa7 $14 41. Re6 Bxe6 42. dxe6 $11 {[%mdl 4096] Endgame KQR-KQB} Rf8 {With the idea ...Qe7.} 43. bxa4 $1 Qe7 44. Bd5 h6 $36 {[%mdl 2048] Black is pushing.} 45. h4 Kh7 {[%cal Rf6g5]} 46. a5 (46. gxh6 $11 {remains equal.} Rb8 47. a3) 46... fxg5 $17 47. fxg5 (47. Qb2 $17 {was worth a try.}) 47... Rf4 (47... Rf2+ $19 48. Kg3 Rf5 {[%mdl 64] Double Attack}) 48. Kg3 $2 {[%mdl 8192]} (48. Kg2 $17 {was the crucial defense.}) 48... Rd4 $2 (48... hxg5 $19 49. Qb2 Rb4) 49. a6 $2 {[%mdl 8192]} hxg5 50. Qf3 Rf4 $2 (50... Qg7 $19 {aiming for ...Qe5+.} 51. hxg5 Qe5+ {[%mdl 64] Double Attack} 52. Kg2 Rd2+ 53. Kh3 Rxd5 54. Qf7+ Qg7) 51. Qb3 $2 {[%mdl 8192]} (51. Qe3 $1 $11 {and White stays safe.} Rf5 52. h5 Rxd5 53. Qe4) 51... Rb4 $19 52. Qf3 {And now h5 would win.} gxh4+ 53. Kh3 {Strongly threatening Qf7+.} Ra4 54. Qb3 $2 (54. Qf1) 54... Rxa6 {Black is clearly winning.} 55. Qb7 Qxb7 {[%mdl 64] [#] Overworked Piece} 56. Bxb7 Rxa2 {Black used his chance.  Weighted Error Value: White=0.88/Black=0.44} 0-1

[Event "Croatian junior league 2021"]
[Site "Rabac"]
[Date "2021.04.10"]
[Round "9.4"]
[White "Mrvac, Petar"]
[Black "Zekic, Patrik"]
[Result "1-0"]
[WhiteElo "1908"]
[BlackElo "1731"]
[Annotator "TA"]
[PlyCount "101"]
[EventDate "2021.04.06"]
[EventType "swiss"]
[EventCountry "CRO"]
[SourceTitle "playchess.com"]
[Source "ChessBase"]
[SourceQuality "1"]

{[%evp 15,101,14,26,13,7,16,57,-3,20,0,26,8,82,89,103,75,100,100,95,73,88,54,192,210,194,192,258,173,180,173,158,0,0,-52,76,-80,52,53,97,78,122,115,121,114,116,112,643,43,283,-235,-225,-240,-219,-207,63,23,148,115,121,114,120,126,242,225,231,222,631,632,624,613,672,630,672,597,886,871,816,783,1522,2466,1910,1869,5927,5887,5583,5485,2009,1870]} 1. e4 e6 2. d4 d5 3. Nd2 Be7 4. Ngf3 Nf6 5. e5 Nfd7 6. Bd3 c5 7. c3 Nc6 8. O-O g5 9. Qe2 {C06: French Tarrasch: 3...Nf6 4 e5 Nfd7 5 Bd3 main lines.} h5 10. Qe3 Rg8 {[#]} 11. Bc2 $146 (11. Ne1 $14) ({Predecessor:} 11. Bb1 a5 12. Ne1 b5 13. Nc2 Qb6 14. Rd1 Ba6 15. Nf1 b4 16. Qe1 a4 17. a3 {1-0 (43) Sengupta,D (2570)-Sichinava,Z (2305) St Petersburg 2016}) 11... cxd4 12. cxd4 Nf8 13. Ne1 f5 {[#]} (13... Ng6 $11) 14. exf6 $1 $16 Bxf6 15. Nb3 Ng6 16. Nd3 Qe7 17. Bd2 Bd7 18. Ndc5 O-O-O (18... Nf4 $1 $14) 19. Bxg6 $18 Rxg6 20. Qd3 Rdg8 (20... Rgg8 $142) 21. Rac1 Kb8 22. Qb5 {[%csl Gc5][%cal Rb5b7] [#]} Bc8 23. Be3 $2 (23. Na6+ $1 $16 Ka8 24. Rxc6 bxa6 25. Qe2) 23... Ka8 $11 24. Rc2 (24. Na6 $11) 24... h4 (24... e5 $15 {stays ahead.}) 25. a4 $2 (25. Rfc1 $16 {and life is bright.}) 25... Qc7 (25... e5 $17 {[%cal Re5d4]} 26. Na6 Bh8) 26. a5 $14 g4 27. a6 Qb6 28. axb7+ Bxb7 29. Qxb6 axb6 30. Nd7 Nb8 $2 {[%mdl 8192]} (30... Bd8 $16) 31. Nxb6+ (31. Ra1+ $142 Na6 32. Nxb6+ Ka7 33. Nd7) 31... Ka7 $18 32. Nd7 {[%mdl 8192]} Nxd7 $19 33. Rc7 R8g7 34. Rfc1 {intending Na5.} Bg5 $2 ({Black should play} 34... Bd8 $19 35. R7c3 g3 36. fxg3 hxg3 37. Ra1+ Kb8 38. Bf4+ e5 39. Bxg3 Bb6) 35. Na5 Nb8 {Black is on the road to losing.} 36. Nxb7 {Black must now prevent Nd8+.} Rxc7 37. Rxc7 Kb6 38. Rh7 g3 (38... Nc6 $16 {might work better.}) 39. Bxg5 $18 ({But not} 39. hxg3 $6 Bxe3 40. fxe3 hxg3) 39... Rxg5 {[%mdl 4096] Endgame KRN-KRN} 40. Nc5 {Hoping for Rb7+.} e5 $2 (40... Nc6) 41. Rb7+ {White is clearly winning.} Kc6 42. Rxb8 exd4 {KRN-KR} 43. Nd3 gxf2+ 44. Kxf2 Rh5 45. Rb4 Rf5+ 46. Ke2 h3 47. g4 Rf6 48. Rxd4 Re6+ 49. Kf2 Re8 50. Nf4 Rf8 51. Kg3 {Weighted Error Value: White=0.54/Black=0.80} 1-0

[Event "Croatian junior league 2021"]
[Site "Rabac"]
[Date "2021.04.10"]
[Round "9.5"]
[White "Begic, Domagoj"]
[Black "Bunic, Emanuel"]
[Result "1/2-1/2"]
[WhiteElo "1706"]
[BlackElo "1839"]
[Annotator "NA RC"]
[PlyCount "87"]
[EventDate "2021.04.06"]
[EventType "swiss"]
[EventCountry "CRO"]
[SourceTitle "playchess.com"]
[Source "ChessBase"]
[SourceQuality "1"]
[TimeControl "5400+30"]

{[%evp 8,66,0,0,14,32767,0,0,32767,8,33,32767,32767,0,30,21,37,1,32767,7,32767,32767,34,-6,18,0,87,16,67,40,70,74,57,43,45,32,28,32767,32767,14,46,51,47,0,0,0,25,5,22,-89,32767,32767,8,0,76,32,69,35,117,32767,22]} 1. d4 {[%emt 0:00:50]} Nf6 {[%emt 0:00:00]} 2. Nf3 {[%emt 0:00:14]} e6 {[%emt 0:00:06]} 3. c3 {[%emt 0:01:13]} Be7 {[%emt 0:00:47]} 4. e3 {[%emt 0:00:58]} O-O {[%emt 0:00:26]} 5. Bd3 {[%emt 0:00:07]} b6 {[%emt 0:00:55]} 6. O-O {[%emt 0:00:11]} Bb7 {[%emt 0:00:30]} 7. Nbd2 {[%emt 0:00:23]} d6 {[%emt 0:01:07]} 8. Re1 {[%emt 0:00:40]} Nbd7 {[%emt 0:00:31]} 9. Qc2 {[%emt 0:00:42]} Re8 {[%emt 0:01:19]} 10. b3 {[%emt 0:10:38]} Bf8 {[%emt 0:01:37]} 11. Bb2 {[%emt 0:05:28]} e5 {[%emt 0:03:06]} 12. dxe5 {[%emt 0:00:30]} dxe5 {[%emt 0:00:24]} 13. e4 {[%emt 0:01:00]} Nc5 {[%emt 0:01:24]} 14. Bf1 {[%emt 0:00:17]} Bd6 {[%emt 0:05:15]} 15. Rad1 {[%emt 0:00:56]} a5 {[%emt 0:07:22]} 16. a3 {[%emt 0:00:37]} (16. b4 $5 {[%cal Rb4c5]} Ncd7 17. Nc4 $11) 16... Ne6 {[%emt 0:08:26]} (16... Bc6 $11) 17. g3 {[%emt 0:04:37]} (17. Bb5 $16) 17... Nf8 {[%emt 0:01:16]} (17... Bc6 $11) 18. Nc4 {[%emt 0:03:51]} Ng6 {[%emt 0:01:42]} 19. Nxd6 {[%emt 0:06:31]} cxd6 {[%emt 0:00:25]} 20. Bb5 {[%emt 0:00:16]} Rf8 {[%emt 0:01:47]} 21. a4 {[%emt 0:02:11]} Qe7 {[%emt 0:04:13]} 22. Ba3 {[%emt 0:00:18]} Rfd8 {[%emt 0:00:32]} 23. Nd2 {[%emt 0:00:47]} Qe6 {[%emt 0:05:48]} 24. c4 {[%emt 0:02:19]} h5 {[%emt 0:16:44]} 25. Nf1 {[%emt 0:02:33]} Qg4 {[%emt 0:01:02]} 26. Nd2 {[%emt 0:00:54]} ({Not} 26. Rxd6 $2 Rxd6 27. Bxd6 Nxe4 $19) 26... h4 {[%emt 0:09:47]} 27. f3 {[%emt 0:09:31]} Qh5 {[%emt 0:00:36]} 28. Kg2 {[%emt 0:02:56]} (28. Bc1 $11) 28... Bc8 {[%emt 0:04:18]} 29. Rh1 {[%emt 0:02:58]} Qg5 {[%emt 0:03:36]} (29... Nh7 $17) 30. Kf2 {[%emt 0:01:24]} Nh5 {[%emt 0:00:42]} (30... Nh7 $11 {keeps the balance.}) 31. Rdg1 {[%emt 0:00:26]} Ra7 {[%emt 0:03:03]} 32. Bc1 {[%emt 0:05:52]} Qf6 {[%emt 0:00:32]} 33. Bc6 {[%emt 0:01:18]} Rc7 $11 {[%emt 0:01:20]} 34. Bd5 {[%emt 0:03:55]} Ne7 {[%emt 0:00:16]} 35. Qd3 {[%emt 0:01:48]} Be6 {[%emt 0:01:01]} 36. Bxe6 {[%emt 0:07:24]} fxe6 {[%emt 0:00:10]} 37. Nb1 {[%emt 0:01:29]} Nc6 {[%emt 0:00:38]} 38. Nc3 {[%emt 0:01:18]} Nd4 {[%emt 0:01:13]} 39. Ne2 {[%emt 0:01:07]} Rf7 {[%emt 0:00:44]} 40. Nxd4 {[%emt 0:01:52]} exd4 {[%emt 0:00:08]} 41. gxh4 {[%emt 0:03:53]} Qxh4+ {[%emt 0:01:38]} 42. Ke2 {[%emt 0:00:07]} Nf4+ {[%emt 0:00:19]} 43. Bxf4 {[%emt 0:00:15]} Qxf4 {[%emt 0:00:08]} 44. Rg4 {[%emt 0:00:40]} 1/2-1/2

[Event "Croatian junior league 2021"]
[Site "Rabac"]
[Date "2021.04.10"]
[Round "9.9"]
[White "Novosel, Marko"]
[Black "Cvitan, Ena"]
[Result "1/2-1/2"]
[WhiteElo "2130"]
[BlackElo "2263"]
[Annotator "TA"]
[PlyCount "43"]
[EventDate "2021.04.06"]
[EventType "swiss"]
[EventCountry "CRO"]
[SourceTitle "playchess.com"]
[Source "ChessBase"]
[SourceQuality "1"]

{[%evp 22,28,13,0,16,0,12,6,15]} 1. e4 c6 2. d4 d5 3. Nc3 dxe4 4. Nxe4 Bf5 5. Ng3 Bg6 6. h4 h6 7. Nf3 Nd7 8. h5 Bh7 9. Bd3 Bxd3 10. Qxd3 e6 11. Bd2 Ngf6 12. O-O-O {The position is equal.} a5 {B19: Classical Caro-Kann: 4...Bf5 main line.} 13. Rhe1 Be7 14. Qe2 O-O {[#] An uneventful encounter. Not enough moves} {Predecessor:} 15. Ne5 $146 Bb4 16. c3 Bd6 17. f4 Re8 18. Qf3 Qc7 19. Ne2 c5 20. g4 cxd4 21. Nxd7 Nxd7 22. Nxd4 {1-0 (34) Movsesian,S (2751)-Morozevich,A (2771) Wijk aan Zee 2009} 1/2-1/2

[Event "Croatian junior league 2021"]
[Site "Rabac"]
[Date "2021.04.10"]
[Round "9.10"]
[White "Ghersinich, Enrico"]
[Black "Klapac, Patrik"]
[Result "1-0"]
[WhiteElo "2186"]
[BlackElo "1780"]
[Annotator "TA"]
[PlyCount "67"]
[EventDate "2021.04.06"]
[EventType "swiss"]
[EventCountry "CRO"]
[SourceTitle "playchess.com"]
[Source "ChessBase"]
[SourceQuality "1"]

{[%evp 19,67,32,36,18,41,14,37,36,62,58,68,78,66,63,103,74,95,0,0,0,0,0,0,0,6,4,14,9,14,12,14,12,84,12,169,108,93,102,87,98,350,341,625,639,614,593,733,727,846,837]} 1. d4 d5 2. c4 e6 3. Nc3 Nf6 4. cxd5 exd5 5. Bg5 Be7 6. e3 c6 7. Bd3 h6 8. Bh4 O-O 9. Qc2 {9.Nge2 is the modern continuation.} Be6 10. Nge2 Nbd7 11. f3 {D36: Queen's Gambit Declined: Exchange Variation: Main line (5 Bg5 c6 6 Qc2).} Rc8 12. O-O c5 13. Nf4 {White is slightly better.} cxd4 {[#]} 14. exd4 $146 ({Predecessor:} 14. Nxe6 fxe6 15. exd4 Nh5 16. Bxe7 Qxe7 17. Rae1 Qf6 18. Qa4 Nf4 19. Bb1 Nb6 20. Qxa7 Qxd4+ 21. Kh1 Qd2 22. Ne2 Nxe2 23. Qxb6 Nf4 24. Qf2 Qxf2 25. Rxf2 {½-½ (25) Gillar,F (1486)-Ziabari,M (1874) Troisdorf 2014}) 14... Qb6 15. Nxe6 fxe6 16. Bf2 Nh5 17. Rfe1 Bf6 18. Qb3 ({White should try} 18. Rad1 $16) 18... Bxd4 $11 19. Qxb6 Bxb6 20. Bxb6 Nxb6 21. Bf1 Rf6 22. Nb5 a6 23. Nd6 Rc2 24. Nxb7 Rxb2 25. Nc5 Kf7 {[#]} (25... Nc4 $11 {keeps the balance.}) 26. Nxa6 (26. Nd3 $1 $16 {[%cal Rd3b2]} Rd2 27. Ne5+ {[%mdl 64] Discovered Attack} Kg8 28. g3) 26... Nd7 $2 {[#]} (26... Nc4 $11) 27. Reb1 (27. a4 $1 $18) 27... Rxb1 $16 28. Rxb1 {Hoping for Rb7.} Ke7 29. Rb7 {aiming for Bb5.} e5 $2 {[%mdl 8192]} (29... Rf8 $16) 30. g4 $18 Rxa6 $2 (30... Rxf3 31. gxh5 Kd6) 31. Bxa6 {White is clearly winning.} Nhf6 32. Bb5 Kd6 33. a4 {[%cal Ba2a4,Ba4a5][%mdl 32]} g5 34. a5 {Weighted Error Value: White=0.16/Black=0.54} 1-0

[Event "Croatian junior league 2021"]
[Site "Rabac"]
[Date "2021.04.10"]
[Round "9.11"]
[White "Jakovic, Roko"]
[Black "Purini, Bruno"]
[Result "1/2-1/2"]
[WhiteElo "1846"]
[BlackElo "1987"]
[Annotator "TA"]
[PlyCount "109"]
[EventDate "2021.04.06"]
[EventType "swiss"]
[EventCountry "CRO"]
[SourceTitle "playchess.com"]
[Source "ChessBase"]
[SourceQuality "1"]

{[%evp 12,109,16,16,12,12,6,4,14,11,18,19,8,2,3,1,36,25,20,22,43,21,31,0,56,41,46,47,59,51,87,108,91,18,83,76,94,84,122,125,168,177,168,93,154,146,152,0,0,0,28,-38,-29,-33,-19,-18,-10,-36,-29,-43,-19,-106,-20,-28,-23,-22,-22,-17,-8,-21,0,0,0,0,0,0,11,0,0,-42,-41,-48,-48,-68,-4,-41,0,-67,0,-45,-13,-16,-17,-44,0,0,0,0,0,0]} 1. d4 d5 2. c4 e6 3. Nc3 Nf6 4. cxd5 exd5 5. Bg5 c6 6. e3 Bf5 {6...h6 is the modern continuation.} 7. Bd3 Bxd3 {D35: Queen's Gambit Declined: Exchange Variation.} 8. Qxd3 Be7 9. Nge2 O-O 10. f3 Re8 11. O-O Nbd7 12. Rae1 {[#]} h6 $146 ({Predecessor:} 12... b5 13. Ng3 Qb6 14. Nf5 Bf8 15. e4 c5 16. Qxb5 dxe4 17. Qxb6 axb6 18. d5 exf3 19. gxf3 {0-1 (40) Zhigalko,A (2574)-Kovalenko,I (2682) Warsaw 2015}) 13. Bh4 Nf8 14. Bf2 Ng6 15. Ng3 Qd7 16. Kh1 Rad8 17. Qc2 Bf8 (17... c5 $11) 18. e4 $14 dxe4 19. fxe4 Bb4 20. Bg1 Qg4 21. e5 Nd5 22. Re4 (22. Rf5 $16 {Black must now prevent Re4.} Bxc3 23. bxc3) 22... Qd7 (22... Qe6 $11 {remains equal.}) 23. Nxd5 $16 cxd5 24. Re2 Rc8 25. Qb3 Ba5 26. Nf5 Rc6 27. Be3 (27. Ref2 $18) 27... f6 {[#]} ({Better is} 27... Ne7 28. g4 Bb6) 28. exf6 $1 Rxf6 29. Ref2 ({Only move:} 29. Nxh6+ $1 $16 Kh8 30. Rxf6 gxf6 31. Qc2) 29... Kh7 $11 30. Qd3 Qc6 31. Nh4 ({White should try} 31. h4 $11 Qa6 32. Qc2) 31... Rxf2 32. Bxf2 Re4 33. Nxg6 Qxg6 34. Qf3 Bb6 35. Rd1 Qe6 36. h3 (36. Qd3 $11) 36... Bc7 ({Black should play} 36... Re2 $17 37. Bg1 Rxb2 38. Qd3+ Qe4 39. Qxe4+ dxe4) 37. Qd3 Qd6 {[%csl Gc7][%cal Rd6h2] [#]} (37... Kg8 {is interesting.} 38. Qc3 Qd6 39. Bg1 Qc6 40. Qb3 Bf4) 38. g3 Qf6 39. Kg2 Bb6 40. b4 Kh8 41. a4 a6 (41... Kg8 {is interesting.} 42. Rd2 Re8 43. Rc2 Rf8 44. g4 Bc7) 42. a5 Bc7 43. b5 Bxa5 (43... axb5 {keeps more tension.} 44. Qxb5 Qf5 45. Rf1 Re7 46. Qb1 Qc8) 44. bxa6 Qxa6 45. Qf3 Qe6 46. Ra1 b6 47. Rc1 Re2 (47... Kg8 $15) 48. Kf1 (48. Qf8+ {is more complex.} Kh7 49. Rc7 Qg6 50. Rc8 Qe4+ 51. Kg1) 48... Re4 49. Kg2 Bd2 (49... Kg8 $15) 50. Rc7 Bb4 51. Rb7 Kh7 52. g4 Ba5 53. Qf8 {[%csl Gf8][%cal Rb7g7] The position is equal.} Qg6 54. Rb8 {[%csl Gb8][%cal Rf8h8]} Qe6 $1 55. Rb7 {[%csl Gf8][%cal Rb7g7] Weighted Error Value: White=0.18/Black=0.22} 1/2-1/2

[Event "Croatian junior league 2021"]
[Site "Rabac"]
[Date "2021.04.10"]
[Round "9.12"]
[White "Duda, Daniel"]
[Black "Veverec, Ivo"]
[Result "1-0"]
[WhiteElo "1968"]
[BlackElo "1786"]
[Annotator "TA"]
[PlyCount "83"]
[EventDate "2021.04.06"]
[EventType "swiss"]
[EventCountry "CRO"]
[SourceTitle "playchess.com"]
[Source "ChessBase"]
[SourceQuality "1"]

{[%evp 14,83,47,25,45,11,22,32,16,17,24,22,18,20,54,17,24,18,22,15,27,-5,0,-11,-8,-59,-50,-55,-52,-79,-81,-78,-75,-83,-44,-43,0,-33,-27,-58,3,-46,2,-11,27,28,44,40,44,11,34,30,61,61,72,60,66,62,62,64,341,24,197,197,191,189,197,197,197,189,6553,6291]} 1. d4 d5 2. c4 e6 3. Nc3 Nf6 4. cxd5 exd5 5. Bg5 c6 6. e3 Be7 7. Bd3 Be6 8. Nge2 Nbd7 {D35: Queen's Gambit Declined: Exchange Variation.} 9. f3 h6 10. Bh4 Nb6 {White is slightly better.} 11. O-O O-O {[#]} 12. Qd2 $146 ({Predecessor:} 12. Qc2 Qd7 13. Nf4 Rae8 14. Rfe1 Kh8 15. Nxe6 Qxe6 16. Bf5 Qd6 17. Rad1 Qd8 18. e4 dxe4 19. fxe4 {1-0 (32) Cvitan,E (2159)-Baric,M (1638) St Filip i Jakov 2018}) 12... Rc8 13. Rad1 c5 14. Bf2 cxd4 15. Nxd4 Bb4 16. Rc1 Na4 17. Qc2 Nxc3 18. bxc3 Rxc3 19. Qb1 (19. Qb2 $11 Rxc1 20. Rxc1) 19... Rxc1 $15 20. Rxc1 Qe7 21. Nb5 Bc5 22. Nd4 b6 23. Qc2 Bxd4 24. exd4 g6 25. Qe2 Nh5 26. Qe5 Qf6 (26... Qa3 $15 27. Qe3 Ng7) 27. Rc7 Ra8 28. Bb5 a6 29. Bc6 Qxe5 30. dxe5 Rb8 31. Bb7 b5 32. Bxa6 Nf4 33. Ba7 Rd8 {[#] Strongly threatening ...d4.} 34. g3 d4 {Hoping for ...Nd5.} 35. gxf4 d3 {( -> ...d2)} 36. Rc1 Bxa2 $2 {[%mdl 8192] [#]} (36... Ra8 $14) 37. Bxb5 $2 ({White has to play} 37. Be3 $1 $18) 37... d2 $2 (37... Bb3 $1 $11 {and Black is okay.}) 38. Rd1 $18 {And now Be3 would win.} Bb3 39. Be2 Bxd1 40. Bxd1 Ra8 41. Bd4 Ra4 $2 (41... Rd8) 42. Bxa4 {Weighted Error Value: White=0.31/Black=0.30} 1-0

[Event "Croatian junior league 2021"]
[Site "Rabac"]
[Date "2021.04.10"]
[Round "9.13"]
[White "Alfirevic, Duje"]
[Black "Cotic, Borna"]
[Result "0-1"]
[WhiteElo "1996"]
[BlackElo "2120"]
[Annotator "TA"]
[PlyCount "58"]
[EventDate "2021.04.06"]
[EventType "swiss"]
[EventCountry "CRO"]
[SourceTitle "playchess.com"]
[Source "ChessBase"]
[SourceQuality "1"]

{[%evp 16,57,24,16,22,22,22,14,13,22,17,0,0,0,0,0,0,0,0,0,0,0,36,0,38,0,0,-710,-708,-714,-322,-832,-760,-29990,-29991,-29991,-29992,-29992,-1738,-1693,-1688,-1631,-1619,-29999]} 1. e4 c5 2. Nf3 e6 3. d4 cxd4 4. Nxd4 Nc6 5. Nc3 Qc7 6. Be3 a6 7. Qd2 Nf6 8. O-O-O b5 9. f3 Be7 {B48: Sicilian: Taimanov: 5 Nc3 Qc7 6 Be3 a6 without Be2.} 10. g4 {10.Kb1 is vanishing.} Nxd4 11. Qxd4 {is the legacy move (11.Bxd4).} Bb7 {The position is equal.} 12. g5 Nh5 13. Bh3 Rc8 $1 {Hoping for ...b4.} 14. Bg4 b4 15. Bxh5 bxc3 16. Qxg7 cxb2+ 17. Kxb2 Rf8 18. Ka1 d5 {[#]} 19. Qd4 $146 ({Predecessor:} 19. Bd4 dxe4 20. fxe4 Bxe4 21. Rhf1 Bg6 22. Be2 Qa5 23. Bb2 Rc7 24. h4 Bxc2 25. Bh5 Bxd1 26. Bxf7+ {½-½ (31) Demetrio,A (2510)-Schiendorfer,R (2348) ICCF email 2009}) 19... Bd6 {[#] aiming for ...Be5.} 20. Qa4+ ({Avoid the trap} 20. exd5 $2 Be5 $19) (20. f4 $5) 20... Bc6 21. Qxa6 {[%mdl 8192]} (21. Qb3 $11) 21... Ra8 $19 22. Qd3 Ra3 (22... Qa5 $142 {[%csl Ga8][%cal Ra5a2]} 23. Qb3 Rb8) 23. Qd2 $2 (23. c3 Ba4 24. Rb1 (24. exd5 $2 Rxc3 25. Qd4 Bxd1 $19) 24... Rxc3 25. Qd2) 23... Ke7 24. Rb1 {[#]} Rxa2+ $3 {[%mdl 512]} 25. Kxa2 Ra8+ 26. Kb3 Qb7+ (26... Ba4+ $142 27. Kb2 Ba3+ {[%mdl 64] Decoy} 28. Kxa3 Bxc2+ {[%mdl 64] Double Attack} 29. Ba7 Qxa7+ 30. Kb2 Qa2+ {[%mdl 64] Double Attack} 31. Kc3 Qc4+ {[%mdl 64] Double Attack} 32. Kb2 Qb3+ 33. Kc1 Qxb1#) 27. Kc3 Ra3+ 28. Rb3 Qb4+ 29. Kd3 Qc4# {Weighted Error Value: White=1.12/Black=0.36} 0-1

[Event "Croatian junior league 2021"]
[Site "Rabac"]
[Date "2021.04.10"]
[Round "9.14"]
[White "Simunic, Krunoslav"]
[Black "Vucenovic, Damian"]
[Result "0-1"]
[WhiteElo "1999"]
[BlackElo "2008"]
[Annotator "TA"]
[PlyCount "74"]
[EventDate "2021.04.06"]
[EventType "swiss"]
[EventCountry "CRO"]
[SourceTitle "playchess.com"]
[Source "ChessBase"]
[SourceQuality "1"]

{[%evp 18,74,28,32,28,23,24,9,23,24,44,36,29,34,58,47,43,47,41,41,75,63,75,81,96,104,215,104,93,97,207,-276,-274,-464,-439,-387,-399,-384,-378,-401,-29,-29,-50,-46,0,0,0,0,22,0,34,-327,-373,-1332,-1363,-6211,-6103,-5422,-5412]} 1. d4 d5 2. c4 e6 3. Nc3 Nf6 4. Bg5 Be7 5. Nf3 c6 6. e3 Ne4 7. Bxe7 Qxe7 8. Bd3 f5 9. Ne5 O-O 10. O-O Nd7 {A85: Dutch Defence: 2 c4 Nf6 3 Nc3.} 11. Nxd7 Bxd7 12. f3 Nd6 {[#] The position is equal.} 13. Qe2 $146 ({Predecessor:} 13. c5 Nf7 14. e4 f4 15. e5 Nh6 16. b4 Nf5 17. Bxf5 Rxf5 18. Ne2 Raf8 19. Qe1 {½-½ (27) Benito Alba,E (1619)-Mataix Fernandez,R (1762) Collado Villalba 2017}) 13... dxc4 14. Bxc4 Kh8 15. e4 f4 16. Rad1 e5 17. dxe5 Qxe5 18. Bb3 Rf6 19. Qf2 Rh6 20. Rd4 Rf8 21. Rfd1 Rff6 {[#]} (21... Be6 $16) 22. h4 (22. R4d2 $1 $18 {and the rest is easy.}) 22... Rfg6 23. Kf1 b5 (23... a5 $16 {was called for.}) 24. Qd2 $4 {[%mdl 8192]} (24. R4d2 $18 {and all is fine.}) 24... Rxh4 $19 25. Bf7 $2 {[#]} ({Reject} 25. Rxd6 Rh1+ 26. Kf2 Rxd1 $19) (25. Qf2 Rh1+ 26. Ke2) 25... Rxg2 $3 {[%mdl 512]} 26. Qxg2 {[#]} Bh3 $1 27. Qxh3 Rxh3 28. Rxd6 {Intending Rd8+ and mate.} Rh1+ $2 (28... Rxf3+ $19 29. Kg2 Rg3+ 30. Kf2 g6 31. Rd8+ Kg7) 29. Kg2 $11 {Rd8+ would kill now.} Rxd1 30. Rxd1 {White threatens Rd8+ and mate.} g5 (30... g6 {seems wilder.} 31. Rd2 a5 32. a3 Kg7 33. Ba2 h5) 31. Rd8+ Kg7 32. Rd7 Kf8 33. Bh5 ({Not} 33. Rxa7 $2 Qd4 $19) 33... b4 34. Na4 {[%mdl 8192]} (34. Nd1 $14 {stays ahead.}) 34... Qb5 $19 35. Rxa7 $2 (35. Kh3 Qxa4 36. Rf7+ Kg8 37. Re7) 35... Qe2+ {Black is clearly winning.} 36. Kg1 Qe3+ {[%mdl 64] Double Attack} 37. Kg2 Qxa7 {Quite a comeback for Black.  Weighted Error Value: White=1.11/Black=0.33} 0-1